OLDS' Maternal-Newborn Nursing & Women's Health across the Lifespan / (Record no. 14965)
[ view plain ]
| 000 -LEADER | |
|---|---|
| fixed length control field | 02594cam a22005294a 4500 |
| 001 - CONTROL NUMBER | |
| control field | 14660219 |
| 005 - DATE AND TIME OF LATEST TRANSACTION | |
| control field | 20101014113654.0 |
| 007 - PHYSICAL DESCRIPTION FIXED FIELD--GENERAL INFORMATION | |
| fixed length control field | co ugu|||||||| |
| 008 - FIXED-LENGTH DATA ELEMENTS--GENERAL INFORMATION | |
| fixed length control field | 061205s2008 njua b 001 0 eng |
| 010 ## - LIBRARY OF CONGRESS CONTROL NUMBER | |
| LC control number | 2006100508 |
| 020 ## - INTERNATIONAL STANDARD BOOK NUMBER | |
| International Standard Book Number | 9780132208734 |
| 020 ## - INTERNATIONAL STANDARD BOOK NUMBER | |
| International Standard Book Number | 0132208733 |
| 035 ## - SYSTEM CONTROL NUMBER | |
| System control number | (OCoLC)ocm76967194 |
| 035 ## - SYSTEM CONTROL NUMBER | |
| System control number | (OCoLC)76967194 |
| Canceled/invalid control number | (OCoLC)84150709 |
| -- | (OCoLC)145014637 |
| 040 ## - CATALOGING SOURCE | |
| Original cataloging agency | DNLM/DLC |
| Transcribing agency | DLC |
| Modifying agency | BAKER |
| -- | BTCTA |
| -- | NLM |
| -- | C#P |
| -- | YDXCP |
| -- | UKM |
| -- | DLC |
| 042 ## - AUTHENTICATION CODE | |
| Authentication code | pcc |
| 050 00 - LIBRARY OF CONGRESS CALL NUMBER | |
| Classification number | RG951 |
| Item number | .O43 2008 |
| 060 00 - NATIONAL LIBRARY OF MEDICINE CALL NUMBER | |
| Classification number | 2007 F-911 |
| 060 10 - NATIONAL LIBRARY OF MEDICINE CALL NUMBER | |
| Classification number | WY 157.3 |
| Item number | D253o 2008 |
| 082 00 - DEWEY DECIMAL CLASSIFICATION NUMBER | |
| Classification number | 618.20231 |
| Edition number | 22 |
| Item number | OLD |
| 100 ## - MAIN ENTRY--PERSONAL NAME | |
| 9 (RLIN) | 22311 |
| 245 00 - TITLE STATEMENT | |
| Title | OLDS' Maternal-Newborn Nursing & Women's Health across the Lifespan / |
| Statement of responsibility, etc | [edited by] Michele R. Davidson, Marcia L. London, Patricia A. Wieland Ladewig. |
| 246 30 - VARYING FORM OF TITLE | |
| Title proper/short title | Maternal-newborn nursing & women's health across the lifespan |
| 246 3# - VARYING FORM OF TITLE | |
| Title proper/short title | Maternal-newborn nursing and women's health across the lifespan |
| 246 3# - VARYING FORM OF TITLE | |
| Title proper/short title | Olds' maternal-newborn nursing and women's health across the lifespan |
| 250 ## - EDITION STATEMENT | |
| Edition statement | 8th ed. |
| 260 ## - PUBLICATION, DISTRIBUTION, ETC. (IMPRINT) | |
| Place of publication, distribution, etc | Upper Saddle River, N.J. : |
| Name of publisher, distributor, etc | Pearson Prentice Hall, |
| Date of publication, distribution, etc | c2008. |
| 300 ## - PHYSICAL DESCRIPTION | |
| Extent | xxxv, 1275 p., [3] fold-out p. : |
| Other physical details | ill. (some col.) ; |
| Dimensions | 29 cm. + |
| Accompanying material | 1 DVD-ROM (4 3/4 in.) |
| 500 ## - GENERAL NOTE | |
| General note | Rev. ed. of: Maternal-newborn nursing & women's health care / Sally B. Olds ... [et al.]. 7th ed. c2004. |
| 504 ## - BIBLIOGRAPHY, ETC. NOTE | |
| Bibliography, etc | Includes bibliographical references and index. |
| 538 ## - SYSTEM DETAILS NOTE | |
| System details note | System requirements for accompanying DVD-ROM: Windows 98 or newer and Macintosh 9.X and OSX. |
| 650 #0 - SUBJECT ADDED ENTRY--TOPICAL TERM | |
| Topical term or geographic name as entry element | Maternity nursing. |
| 9 (RLIN) | 22326 |
| 650 12 - SUBJECT ADDED ENTRY--TOPICAL TERM | |
| Topical term or geographic name as entry element | Maternal-Child Nursing |
| General subdivision | methods. |
| 9 (RLIN) | 22327 |
| 650 22 - SUBJECT ADDED ENTRY--TOPICAL TERM | |
| Topical term or geographic name as entry element | Neonatal Nursing |
| General subdivision | methods. |
| 9 (RLIN) | 22328 |
| 650 22 - SUBJECT ADDED ENTRY--TOPICAL TERM | |
| Topical term or geographic name as entry element | Nursing Assessment |
| General subdivision | methods. |
| 9 (RLIN) | 22329 |
| 650 22 - SUBJECT ADDED ENTRY--TOPICAL TERM | |
| Topical term or geographic name as entry element | Pregnancy Complications |
| General subdivision | nursing. |
| 9 (RLIN) | 22330 |
| 650 22 - SUBJECT ADDED ENTRY--TOPICAL TERM | |
| Topical term or geographic name as entry element | Women's Health. |
| 9 (RLIN) | 22331 |
| 700 1# - ADDED ENTRY--PERSONAL NAME | |
| Personal name | Davidson, Michele R. |
| 9 (RLIN) | 22311 |
| 700 1# - ADDED ENTRY--PERSONAL NAME | |
| Personal name | London, Marcia L. |
| 9 (RLIN) | 22332 |
| 700 1# - ADDED ENTRY--PERSONAL NAME | |
| Personal name | Ladewig, Patricia W. |
| 9 (RLIN) | 22333 |
| 730 0# - ADDED ENTRY--UNIFORM TITLE | |
| Uniform title | Maternal-newborn nursing & women's health care. |
| 9 (RLIN) | 22334 |
| 856 41 - ELECTRONIC LOCATION AND ACCESS | |
| Materials specified | Table of contents only |
| Uniform Resource Identifier | <a href="http://www.loc.gov/catdir/toc/ecip076/2006100508.html">http://www.loc.gov/catdir/toc/ecip076/2006100508.html</a> |
| 942 ## - ADDED ENTRY ELEMENTS (KOHA) | |
| Source of classification or shelving scheme | Dewey Decimal Classification |
| Item type | NB - Book (Non borrowing) |
| Withdrawn status | Item status | Source of classification or shelving scheme | Damaged status | Not for loan | Vendor | Home library | Current library | Shelving location | Date acquired | Source of acquisition | Total Checkouts | Full call number | Barcode | Date last seen | Date last borrowed | Koha item type | Total Renewals |
|---|---|---|---|---|---|---|---|---|---|---|---|---|---|---|---|---|---|
| Dewey Decimal Classification | Central Library | Central Library | First floor | 28/02/2011 | 20 | 618.20231 OLD | 000022808 | 15/07/2025 | 08/12/2013 | NB - Book (Non borrowing) | |||||||
| Dewey Decimal Classification | Central Library | Central Library | First floor | 28/02/2011 | 4 | 618.20231 OLD | 000022809 | 24/08/2022 | 15/02/2012 | CD | DVD - With book (NB) | 1 |